000 00271nam a22001217a 4500
008 180206b xxu||||| |||| 00| 0 eng d
041 _aeng
080 _a658
100 _a53
101 _aMAN
245 _aOUTDOOR DEVELOPMENT FOR MANAGERS
_cJOHN.B
942 _2udc
_cBK
999 _c41950
_d41950